| 000 | 00775cam a2200181 4500 | ||
|---|---|---|---|
| 001 | WB3915-03 | ||
| 008 | 030424n2003 000 0 eng u | ||
| 035 | _a(Sirsi) u122079 | ||
| 245 | _aRICS focus on small business' needs | ||
| 260 | _c2003 | ||
| 490 |
_aRICS Press Release _v(pr035) 23 April 2003 (2) |
||
| 520 | _aRICS provided support and advice to small businesses at the "Sunday Times" National Small Business Week at Earls Court 28-30 April 2003. Issues covered included "Property in business - a waste of space?" and "Property solutions", a free web-based device to help small firms. http://www.rics.org/includes/listprmoreall.html? | ||
| 590 | _aWB | ||
| 650 | _aSMALL BUSINESSES | ||
| 650 | _aSMES | ||
| 690 | _aMANAGEMENT-BUSINESS MANAGEMENT | ||
| 942 | _n0 | ||
| 999 |
_c72538 _d72538 |
||